000 00558nam a2200217Ia 4500
003 OSt
005 20220928141937.0
006 a|||||r|||| 00| 0
007 ta
008 220927b |||||||| |||| 00| 0 eng d
024 _a18371
037 _cTextual
040 _aSDCL
_cSDCL
_beng
041 _2eng
_aeng
082 _aP15,Cx6,1,1, N1
100 _aBhatt Ugarbhuti
_9502697
245 0 _aKantantravyakaranam shisyahitanyasah.
260 _c1991
942 _hP15,Cx6,1,1, N1
_cTEXL
_2CC
999 _c820615
_d820615